Guess the lyrics (#78) - Statistics

General Stats
  • This quiz has been taken 91 times
  • The average score is 72 of 200
Answer Stats
Answer % Correct
"I
97%
I
97%
a
93%
the
86%
The
86%
you
85%
love
81%
We
78%
me
74%
When
73%
And
70%
and
70%
to
66%
go
64%
in
64%
on
64%
no
62%
No
62%
my
59%
she
59%
is
57%
that
57%
there
57%
of
55%
her
54%
all
51%
I'm
51%
It's
49%
it's
49%
at
47%
too
47%
Don't
46%
don't
46%
need
46%
one
43%
I've
41%
down
36%
here"
36%
here
36%
been
35%
got
35%
had
34%
some
34%
from
32%
night,
31%
Oh,
31%
head
30%
get
28%
has
28%
his
28%
more
28%
now
28%
take
28%
thing
26%
baby
24%
gone
22%
song
22%
We've
22%
that's
19%
Last
18%
radar
18%
Radar
18%
lover
16%
into
12%
lonely
12%
There's
12%
called
11%
saying',
11%
voice
11%
coming
9%
"Coming
9%
sure
9%
gets
8%
keep
8%
Lee
8%
radio
8%
road
8%
above
7%
air
7%
enough,
7%
Gotta
7%
gotta
7%
hands
7%
line
7%
real
7%
same
7%
sky
7%
car
5%
forgotten
5%
much,
5%
sang
5%
slow,
5%
Strong"
5%
almost
4%
callin',
4%
cool,
4%
driving
4%
gear
4%
half
4%
pass,
4%
past
4%
phone
4%
played
4%
playin'
4%
radio's
4%
shifting
4%
speed,
4%
care
3%
comfort
3%
four
3%
wheel
3%
cable
1%
cars
1%
drives
1%
heel
1%
hypnotized
1%
letter
1%
longing
1%
newsman
1%
nude
1%
sends
1%
speedin'
1%
sunrise
1%
wave
1%
wet
1%
Brenda
0%
Lee's
0%
No matching quizzes found
Score Distribution
Percent of People with Each Score
Percentile by Number Answered
Your Score History
You have not taken this quiz